[Event "Osterskan op"]
[Site "Osterskan"]
[Date "1994.??.??"]
[Round "?"]
[White "Wedberg, Tom Birger"]
[Black "Agrest, Evgenij"]
[Result "1/2-1/2"]
[WhiteElo "2455"]
[BlackElo "2475"]
[Annotator "Agrest,E"]
[PlyCount "138"]
[EventDate "1994.??.??"]
[EventType "swiss"]
[EventRounds "7"]
[EventCountry "SWE"]
[SourceTitle "CBM 044"]
[Source "ChessBase"]
[SourceDate "1995.02.01"]
[SourceVersion "1"]
[SourceVersionDate "1995.02.01"]
[SourceQuality "1"]

1. e4 c5 2. Nf3 d6 3. d4 cxd4 4. Nxd4 Nf6 5. Nc3 a6 6. Be3 e6 7. f3 b5 8. g4 h6
9. h4 b4 10. Nce2 e5 11. Nb3 d5 12. Ng3 Be6 $1 13. Bd3 Nbd7 14. Qe2 a5 15. Rg1
a4 16. Nd2 a3 (16... Qc7 $5) 17. b3 Qc7 18. g5 hxg5 19. hxg5 dxe4 $5 20. Ngxe4
(20. gxf6 exd3 21. fxg7 Bxg7 22. Qxd3 e4 $19) 20... Nd5 21. Nc4 Nc5 $1 22. Bd2
(22. O-O-O $2 Nxe4 {/\Nc3}) (22. Nxc5 Bxc5 23. Bxc5 Qxc5 24. Qf2 Qxf2+ (24...
Qc7 $5) 25. Kxf2 Rh2+ 26. Kg3 (26. Rg2 Rxg2+ 27. Kxg2 Nf4+ $15) 26... Rh5 27.
Kf2 Nf4 $5 $13) 22... Nxd3+ (22... Rd8 $5) 23. cxd3 (23. Qxd3 O-O-O $1 (23...
Rd8 24. Qe2 Nf4 25. Bxf4 exf4 26. Rd1 $13) 24. Qe2 (24. O-O-O Rh2 $1 $17 (24...
Nc3 $6 25. Qxd8+ $3 Qxd8 26. Bxc3 $36)) 24... Nf4 25. Bxf4 exf4 $17) 23... Qa7
$1 24. Qf2 (24. O-O-O Qd4 25. Kb1 $8 Rc8 26. Bc1 Rh4 {/\Re4-+}) 24... Qxf2+ 25.
Kxf2 f5 $1 {^=} 26. gxf6 gxf6 27. Rh1 (27. Rg6 Kf7 (27... Rd8 $1 $17 28. Nxf6+
$140 Nxf6 29. Rxf6 Bxc4 30. bxc4 Rh2+ 31. Ke3 Bh6+) 28. Rxf6+ (28. Rag1 $5)
28... Nxf6 29. Nxe5+ Ke8 (29... Ke7 30. Ng6+ (30. Bxb4+ Kd8 31. Nxf6 Bg7 32.
Nc6+ Kc7 $19) 30... Kd8 31. Nxh8 (31. Nxf6 Rh2+ 32. Ke3 Bc5+ $19) 31... Nxe4+
32. dxe4 Bg7 33. Rh1 Bxb3 $1 34. Rh7 (34. axb3 a2 35. Ng6 Ra3 $1 $19) 34... Ra7
(34... Bb2 35. Nf7+ Bxf7 36. Rxf7 b3 37. Rf8+ $8 Kd7 38. Rxa8 bxa2 39. Rxa3
Bxa3 40. Bc3 Kd6 41. Ke2)) 30. Nxf6+ Kd8 31. Ne4 $15) 27... Rxh1 28. Rxh1 O-O-O
$1 29. Rh7 (29. Rc1 Kd7) 29... f5 30. Ng5 Bg8 31. Rh1 Bc5+ 32. Ke2 Bd4 33. Rh6
Kc7 $1 34. Rg6 $8 Nf4+ $6 (34... Nc3+ $1 35. Bxc3 Bxc3 36. Rg7+ Kb8 (36... Kc6
$5) 37. Nb6 Bxb3 38. Nd7+ Rxd7 39. Rxd7 Bxa2 $19) 35. Bxf4 exf4 36. Rxg8 $1
Rxg8 37. Ne6+ Kd7 38. Nxd4 Rg2+ 39. Kd1 Rxa2 40. Nb6+ (40. Nc2 Rb2 $1 $19) (40.
Kc1 Rh2 41. Nc2 Rh1+ 42. Kd2 a2 $19) (40. Nd2 Ra1+ 41. Kc2 Rh1 $19) 40... Ke8 (
40... Kd6 $1 $17) 41. Nd5 $1 Rh2 42. Nxb4 a2 43. Nbc2 Rh1+ 44. Kd2 a1=Q 45.
Nxa1 Rxa1 46. Ne6 $3 $8 Rf1 47. Ke2 Rb1 48. Nxf4 Rxb3 49. Ke3 Rb4 50. Ne2 Kf7 (
50... Rh4 51. Nd4 $1) 51. f4 Kf6 52. Kf3 Rb8 53. Ke3 Re8+ 54. Kf3 Rh8 55. Ng3
Ke6 56. Ke3 Rg8 (56... Rh3 57. Kf3 Kd5 58. Kg2 Rxg3+ 59. Kxg3 Kd4 60. Kf2 $10)
57. Kf3 Rf8 58. Ke3 Kd5 59. Ne2 Kc5 60. Ng3 Rf7 61. Ne2 Re7+ 62. Kf3 Kd5 (62...
Kb4 63. Ng3 Rf7 64. Ke3 Kc3 65. Ne2+ Kc2 66. Ng3 Kd1 67. Kd4 $10) 63. Ng3 Ke6
64. Ke3 Rd7 65. Ne2 Kf6 66. Ng3 Kg6 67. Ke2 Re7+ 68. Kf3 Re8 69. Kf2 Rh8
1/2-1/2

[Event "Biel MTO op"]
[Site "Biel"]
[Date "1994.??.??"]
[Round "4"]
[White "Liss, Eran"]
[Black "Markowski, Tomasz"]
[Result "1-0"]
[WhiteElo "2480"]
[BlackElo "2475"]
[Annotator "Ambroz,J"]
[PlyCount "59"]
[EventDate "1994.07.??"]
[EventType "swiss"]
[EventRounds "11"]
[EventCountry "SUI"]
[SourceTitle "CBM 042"]
[Source "ChessBase"]
[SourceDate "1994.10.01"]
[SourceVersion "1"]
[SourceVersionDate "1994.10.01"]
[SourceQuality "1"]

1. e4 c5 2. Nf3 Nc6 3. d4 cxd4 4. Nxd4 e6 5. Nc3 d6 6. Be3 Nf6 7. Qd2 Be7 8. f3
O-O 9. g4 Nd7 10. O-O-O a6 11. h4 Nxd4 12. Bxd4 b5 13. g5 b4 14. Ne2 a5 15. Bh3
Ne5 16. f4 Nc4 (16... Nf3 17. Qe3 Nxd4 18. Nxd4 $14) 17. Qd3 Ba6 18. Qg3 $5 Qc7
(18... Nxb2 $5 19. Bxb2 (19. Rde1 Nc4 20. h5 $13) 19... Bxe2 20. Rd2 Bc4 21. f5
$5 $40) 19. g6 $1 hxg6 (19... fxg6 20. Bxe6+ Kh8 21. h5 g5 (21... Na3 22. Rd2)
22. h6 Bf6 23. fxg5 Bxd4 24. Nxd4 g6 25. Bd5) 20. h5 Rac8 (20... e5 21. hxg6 $1
exd4 22. Be6 $1 $18 fxe6 23. Qh3) 21. hxg6 Ne5 (21... Ne3 22. c3 $1 Nxd1 23.
Bxe6 $1) 22. c3 Nxg6 23. Bxe6 $1 fxe6 24. Qxg6 Bf6 (24... e5 25. Rh7) 25. Qh7+
Kf7 26. Bxf6 Kxf6 27. Rxd6 $1 Bc4 28. Rhd1 bxc3 29. e5+ Ke7 30. Rd7+ (30. Rd7+
Qxd7 31. Qxg7+ $1) 1-0

[Event "Zuerich Chess Challenge 6th"]
[Site "Zuerich"]
[Date "2017.04.16"]
[Round "6"]
[White "Anand, Viswanathan"]
[Black "Svidler, Peter"]
[Result "1-0"]
[WhiteElo "2786"]
[BlackElo "2747"]
[Annotator "Anand,V"]
[PlyCount "63"]
[EventDate "2017.04.13"]
[EventType "tourn"]
[EventRounds "7"]
[EventCountry "SUI"]
[EventCategory "19"]
[SourceTitle "CBM 179"]
[Source "ChessBase"]
[SourceDate "2017.07.12"]
[SourceVersion "1"]
[SourceVersionDate "2017.07.12"]
[SourceQuality "1"]

1. e4 c5 2. Nf3 e6 3. d4 cxd4 4. Nxd4 Nc6 5. Nc3 d6 {This system caught me
slightly off guard, so I started thinking what I should go for.} 6. Be3 Nf6 7.
Qe2 {I considered f4 for a bit and then remembered the offbeat 7.Qe2.} a6 8.
O-O-O Qc7 9. g4 b5 10. g5 Nd7 11. h4 {I was trying to get back to a Najdorf,
but a3 and f4 is more common.} Bb7 12. a3 Rc8 13. Bh3 b4 (13... Nce5 14. Nxe6
fxe6 15. Bxe6) 14. axb4 Nxb4 15. Nxe6 {This move didn't really feel like a
sacrifice, since its clear that White's bishop on e6 not only keeps Black's
king stuck on e8, but also potentially defends White (the a2-square).} (15. Kb1
{The computer is happy with this move and thinks that White is better} Qc4 (
15... Nc5 16. Qc4 Qa5 17. Nb3 Nxb3 18. Qxb3 {is huge for White})) 15... fxe6
16. Bxe6 Qa5 17. Kb1 Rxc3 (17... d5 {Peter spent a lot of time trying to make
this work and probably should have tried it anyway} 18. Bd4 (18. exd5 Rxc3 19.
bxc3 Qa2+ 20. Kc1 Ne5 $1 {Surprisingly White can't make the discovered check
work} 21. Bd4 (21. Bb6 Bd6 $1 22. Rh3) 21... Nc4 22. Bf7+ {and White has to
take the draw} Kd8 $1 23. cxb4 Qa3+ 24. Kb1 Qxb4+ 25. Kc1 Qa3+ $11) 18... Bd6 (
18... Kd8 19. Rh3) 19. Qg4 $1) 18. bxc3 Nc6 19. Rh3 (19. f4 Nc5 20. Bxc5 Qxc5 {
and now the manoeuvre...} 21. Rh3 $1 Kd8 22. Rhd3 Kc7 23. Rd5 $1 {is important}
(23. e5 $2 dxe5 24. Rd7+ Kb8 {only frees Black's bishop on f8}) 23... Qb6+ 24.
Ka2 Nd8 25. Qc4+ Qc6 26. R5d4) 19... Be7 (19... Nc5 20. Bxc5 Qxc5 21. e5 {
was the point} Nxe5 22. Re3 $1 (22. f4 Nd7)) 20. Bd4 $2 {This is just absurd,
I can't explain why I didn't go f4.} (20. f4 Nc5 21. Bxc5 Qxc5 22. Rhd3 {
Here since Black played ...Be7, it's harder to run away via d8.}) 20... Nc5 21.
Bxc5 (21. Bxg7 Nxe6 22. Bxh8 Nf4 23. Qg4 Nxh3 24. Qxh3 Qb6+ 25. Kc1 Qxf2 {
is fine for Black.}) 21... Qxc5 {And here I couldn't see an alternative to f4,
esp with ...Rf8 coming.} 22. f4 Kd8 23. Qe3 {I couldn't see an edge, so
decided to swap queens.} Qxe3 24. Rxe3 h6 $6 {A typical idea to undermine the
pawn chain, but here it isn't necessary.} (24... Kc7 25. c4 Rf8 26. f5 Ne5 {
and I can't see a way for White to progress.}) 25. c4 {Missing a small chance.}
(25. e5 Kc7 26. f5 $1 hxg5 27. hxg5 Rb8 $1 (27... Bxg5 28. Rg3 $1 {The point,
first White forces the bishop to h6} Bh6 29. exd6+ Kb6 30. c4 Nd8 31. Bd5 {
here the computer finds the resource...} Bf4 32. Rxg7 Be5 $1 {but White is
much better}) 28. Ka1 (28. f6 Nxe5 $1 {shows the extreme resilience of the
computer}) 28... Nxe5 29. Rxe5 Bxg5 30. Ra5 Bf6 {Black has good compensation.})
25... hxg5 26. hxg5 Rf8 $6 {A natural move, but now the game turns.} (26... Bc8
$1 {would have been simple} 27. Bd5 Nb4 {and Black is out of danger.}) 27. f5
$1 {We both had the impression that White was much better again, but we both
kept on underestimating ...Bc8.} Ne5 (27... Bxg5 28. Rxd6+ Kc7 29. Rd7+ Kb8 30.
Rb3 {wins}) (27... Bc8 $1 28. Bd5 Ne5 29. Rg3 {with the threat of f6 gxf6 g6}
Rh8 30. f6 Bf8 $1 {is a clever resource.}) 28. Rg1 d5 $2 {Just panic.} ({
And for the 3rd time...} 28... Bc8 $1 29. Bd5 Rh8 {and Black is holding on} 30.
f6 Bf8 $1) 29. Rb3 {And it's over.} Kc7 30. cxd5 {Too many pawns.} Rh8 31. f6
Bf8 (31... gxf6 32. g6 $18) 32. d6+ (32. d6+ Kxd6 33. fxg7 Bxg7 34. Rxb7 $18)
1-0

[Event "Biel MTO op"]
[Site "Biel"]
[Date "2002.08.02"]
[Round "11"]
[White "Arizmendi Martinez, Julen Luis"]
[Black "Tukmakov, Vladimir B"]
[Result "1-0"]
[WhiteElo "2503"]
[BlackElo "2566"]
[Annotator "Arizmendi,J"]
[PlyCount "75"]
[EventDate "2002.07.22"]
[EventType "swiss"]
[EventRounds "11"]
[EventCountry "SUI"]
[SourceTitle "CBM 090"]
[Source "ChessBase"]
[SourceDate "2002.09.20"]
[SourceVersion "1"]
[SourceVersionDate "2002.09.20"]
[SourceQuality "1"]

1. e4 c5 2. Nf3 d6 3. d4 cxd4 4. Nxd4 Nf6 5. Nc3 a6 {First surprise from
Tukmakov. I had only prepared for French and Caro-Kann, although I knew he
also played the Classical Sicilian (5...Nc6). But only now did I remember he
used to play Najdorf (a game Romero Holmes-Tukmakov inmediately popped to mind)
in the 80,s. So, it became clear to me I was not the only one going for
victory in the last round.} 6. f3 e6 {The alternative is 6...e5, but 6...e6 is
generally considered the "fighting" line.} 7. Be3 b5 8. Qd2 {I have also
played 8.g4 straightaway in this position, but I feared some preparation over
my game against Cvitan from last year in Biel. The advantage of the 8.g4 move
order is that the plan involving the deployment of black´s knight to <b6> is
now held to be very dangerous due to Grischuk´s piece sacrifice.} (8. g4 Nfd7
9. Qd2 Nb6 10. O-O-O N8d7 11. Ndxb5 axb5 12. Nxb5 Rxa2 13. Kb1 Ra8 14. Nxd6+
Bxd6 15. Qxd6 Na4 16. Bb5 Qe7 17. Qd4 e5 18. Qd5 Nc3+ 19. bxc3 Rb8 20. Rd3 O-O
21. c4 Nb6 22. Qc5 Qf6 23. g5 {1-0 Grischuk,A-Dvoirys,S/Moscow RUS 2002/The
Week in Chess 379 (23)}) 8... Nbd7 9. g4 h6 {Black goes for the main line, but
he could have taken advantage of white´s move order to get another setup,
namely knights on b6 and d7 after} (9... Nb6 {which would have been avoided
with 8.g4 due to 8...Nbd7 being answered with 9.g5}) 10. O-O-O Bb7 11. Bd3 Rc8
{I do not think this line is best for black, since he does not have the option
of castling long anymore. Boris Gelfand, one of the major exponents of the
Najdorf variation, has tried} (11... Ne5 12. Rhe1 Qa5 {here.} (12... Qa5 13.
Nb3 Qc7 14. Qf2 Nxd3+ 15. Rxd3 Nd7 16. Rd2 Be7 17. a3 Rc8 18. f4 Nc5 19. Bxc5
dxc5 20. Red1 b4 21. Rd7 Qb8 22. axb4 cxb4 23. Qb6 Qxf4+ 24. Kb1 Bc6 25. Rxe7+
Kxe7 26. Qxb4+ Kf6 27. Rd6 Kg6 28. Nd4 Bxe4 29. Nxe4 {0-1 Fedorov,A-Gelfand,B/
Polanica Zdroj 2000/CBM 79 (29)})) 12. Rhe1 Ne5 13. Kb1 {This is a must, since
white wants to take with the c pawn on <d3> and not allow black to win a piece
with b5-b4 due to the pin on the c file.} Qc7 $6 {A new move from Tukmakov,
although I believe he came up with it over the board. The idea is to prove
that the Q on c7 will be a more useful move than 14.h4 (which is the normal
follow-up for white). But things are not so clear, and I think white should
get an advantage.} 14. h4 Nfd7 {[#]} 15. Qf2 (15. g5 $1 {is the right way.} Nb6
{This is what was bothering me during the game} (15... hxg5 16. hxg5 Nc4 (16...
g6 {stops white´s play on the kingside, but now black´s king in the center is
not feeling too safe.} 17. f4 Nc4 18. Bxc4 Qxc4 19. Nb3 Qc7 20. Nd5 $1 $40 exd5
21. Bd4 Rh7 22. exd5+ Kd8 23. Bc3 $1 {with a strong attack.}) 17. Bxc4 Qxc4 18.
g6 {and white is better.} (18. Nb3 $5)) 16. Qf2 $1 {A thematic maneuvre, but I
only thought of it after the game. Now white´s e3 bishop can drop back to
defend his king.} (16. f4 {is another normal move in such positions, but here
it does not work due to some nasty tactics.} Nbc4 17. Bxc4 Nxc4 18. Qd3 Na3+ {
which is the reason why I rejected 15.g5}) 16... Nbc4 17. Bc1 {white is better.
} (17. Bxc4 $5 Nxc4 18. Bc1 hxg5 19. hxg5) 17... Na3+ 18. Ka1 hxg5 19. hxg5 b4
(19... Nxd3 20. cxd3 e5 21. Nce2 Nc2+ 22. Nxc2 Qxc2 23. d4) 20. Nce2 Nxd3 21.
cxd3 Nc2+ 22. Nxc2 Qxc2 23. Qb6 Qc6 24. Qxb4 $16) (15. f4 $2 {This would be a
normal reaction to 13...Nfd7, but here it is a mistake because black could
simply take on <g4> and the knight will never be in danger there since h2-h3
no longer exists. Besides, the black king has now got <d8> as a flight square
in case a sacrificial attack should come.}) 15... Nc5 16. Qd2 $2 {This stops
the threat, but it obviously is a mistake. During the game I did not want to
touch my queenside, but it was the way to proceed.} (16. a3 $13) (16. g5 b4 17.
Nce2 Nexd3 18. cxd3 e5 19. Nf5 Nxd3 $19 {This is the tactic I only noticed
after my opponent played 15...Nc5 almost instantly.}) 16... Be7 17. g5 b4 18.
Nce2 d5 19. exd5 Bxd5 20. Nf4 {This seems the most logical way to play now,
although white is objectively worse.} Nxf3 $6 (20... Bxf3 {would have given
black a clear advantage, but precise defense is required.} 21. Rc1 (21. g6 Bxh4
) (21. Be2 Ne4 22. Qc1 Bxe2 23. Nfxe2 hxg5 24. hxg5 $17) 21... hxg5 22. hxg5
Ne4 {getting rid of white´s strong bishop.} 23. Bxe4 Bxe4 24. Bg1 (24. Qe2 Qc4
25. Bg1 (25. Bf2 Qxe2 26. Rxe2 Nc4 27. Rd1 Rh2) 25... Qxe2 26. Rxe2 Nc4 $17) (
24. b3 {Probably best, keeping the knight out of <c4>, although black´s
advantage is not in doubt.} Ng6 $17) 24... Nc4 $1 (24... Bh7 25. Qe2 Nc4 26.
Bh2 Qb6 27. g6 Bxg6 28. Bg1 $1 e5 29. Nde6 Qc6 30. Nxg7+ Kf8 31. Nge6+ Kg8 32.
Nxg6 fxg6 33. Qg4 $44) 25. Qf2 Qe5 $1 {This is the move that gives black a
clear edge} (25... Qb7 {Is not so clear.} 26. Ndxe6 fxe6 27. Nxe6 Rh7 28. Qd4
g6 29. Ka1 Nd6 30. Nc5 Rxc5 31. Qxc5 $13) 26. g6 (26. Rcd1 Bxg5 27. Nd3 Qd5 28.
Nxb4 Qb7) 26... Bh4 27. gxf7+ (27. Nd3 Bxf2 28. Nxe5 Bxe1 29. gxf7+ Ke7 $19)
27... Kd7 28. Rxe4 Qxe4 29. Qe2 Qxe2 30. Ndxe2 Rh6 $17) 21. Nxf3 Bxf3 22. Rc1
hxg5 23. hxg5 e5 $2 {After this mistake white can get an advantage.} (23...
Nxd3 {seems more logical, exchanging white´s dangerous bishop.} 24. cxd3 (24.
Qxd3 Qc4) 24... Qd7 25. g6 {For now it is better to hold the exchange of rooks.
} (25. Rxc8+ Qxc8 26. g6 e5 $1 27. gxf7+ Kxf7 28. Qf2 Qg4 29. Rg1 Qxg1+ 30.
Qxg1 Rh1 $17) 25... e5 (25... f6 26. Rxc8+ Qxc8 27. Rc1 Qd7 28. Qc2 Bg4 29. Bb6
Bf5 (29... e5 30. Qc4) (29... Rh6 30. Qc4 $44) 30. Qc8+ (30. Qc4 O-O 31. Qc2
Bd6 $1 $19) 30... Bd8 31. Qxa6 $13) (25... Rxc1+ 26. Qxc1 {And black is better,
but there is still some chances due to black´s vulnerable king.}) 26. Qf2 $1
exf4 (26... Bc6 27. gxf7+ Kxf7 28. Ng6+ $1 Kxg6 29. Rg1+ $18) 27. Rxc8+ Qxc8
28. Qxf3 fxe3 29. Qxf7+ Kd8 30. Qd5+ $11) 24. Ng6 $1 fxg6 25. Bxg6+ Kf8 26. Qf2
$2 {This was my idea when I went for this line, but there was a better
solution in} (26. Rf1 Qc6 27. Bxc5 Bxc5 28. Qd3 {This move makes the day: it
attacks the bishop, defends <g6> and stops e5-e4.} Ke7 29. Rxf3 Rcf8 30. Rxf8
Rxf8 31. Re1 $14) 26... Qc6 27. Rh1 Rg8 28. Bh7 e4 $2 {Tukmakov makes another
mistake. Best was} (28... Ke8 $1 29. Bxg8 Bxh1 30. Qf7+ Kd8 31. Rd1+ Bd6 (31...
Nd7 32. Bh7 Bd6 33. Bf5 $40) 32. Bh7 Bf3 33. Rxd6+ (33. Bxc5 Bxd1 34. Qg8+ Ke7
35. Qxg7+ Ke6 36. Bg8+ (36. Qg6+ Kd5 37. Be3 Bxc2+ 38. Qxc2 Qxc2+ 39. Bxc2 $17)
36... Rxg8 37. Qxg8+ Kd7 $19) 33... Qxd6 34. Qxf3 $15 {And white´s bishops are
very dangerous.}) (28... g6 {Is another possibility, but it is only a draw for
black.} 29. Rh3 e4 30. Bxg8 Kxg8 31. Qh2 Bh5 32. Rxh5 gxh5 33. Qxh5 Nd7 $8 (
33... Ne6 34. Rf1 $18 Qxc2+ 35. Ka1 Rf8 36. Rh1) 34. Rf1 Ne5 (34... Qe6 35. Bd4
$18) 35. g6 Nxg6 36. Rg1 Kf7 37. Qf5+ Ke8 38. Qxg6+ Qxg6 39. Rxg6 Rd8 40. Kc1
Rd6 $11) 29. Rh4 $1 $16 {Now the game is over.} Qe6 $6 (29... Qd5 {was more
stubborn} 30. Bxe4 Nxe4 31. Qxf3+ Nf6 32. Qf2 {And white is much better due to
black´s weak pawns and bad king.}) 30. Bxe4 Nxe4 31. Qxf3+ Nf6 32. gxf6 gxf6
33. Re4 $18 Qc6 34. Bh6+ Ke8 35. Rce1 $1 {White's attack is decisive.} Qxc2+
36. Ka1 Rc7 37. Qh5+ Kd7 38. Qd5+ 1-0

[Event "Imre Konig Memorial 1st"]
[Site "San Francisco"]
[Date "2002.09.09"]
[Round "5"]
[White "Atalik, Suat"]
[Black "Wojtkiewicz, Aleksander"]
[Result "1-0"]
[WhiteElo "2551"]
[BlackElo "2555"]
[Annotator "Atalik,S"]
[PlyCount "55"]
[EventDate "2002.09.04"]
[EventType "tourn"]
[EventRounds "9"]
[EventCountry "USA"]
[EventCategory "12"]
[SourceTitle "CBM 092"]
[Source "ChessBase"]
[SourceDate "2003.02.06"]
[SourceVersion "1"]
[SourceVersionDate "2003.02.06"]
[SourceQuality "1"]

1. e4 {Ftacnik} c5 2. Nf3 d6 3. d4 cxd4 4. Nxd4 Nf6 5. Nc3 a6 6. f3 {Testing
this against the mighty defender of Najdorf Wojt sounds cool.} e6 {Wojt
changes the nature of the game into a Scheveningen.} 7. Be3 b5 8. g4 $1 {
This is necessary!} ({After} 8. Qd2 Nbd7 9. g4 Nb6 10. O-O-O Bb7 {And instead
a stupid Nb8 black has a full-fledged Nf6!}) 8... Nfd7 {One of many Garry's
weapons against English Attack in Najdorf.} 9. Qd2 Nb6 10. O-O-O N8d7 11. Ncxb5
$1 {GM Morozevich's stolen novelty.} axb5 12. Nxb5 {The threat of Qc3 is too
strong.} Ba6 $1 {there are other moves but this looks like the best.} 13. Nxd6+
Bxd6 14. Qxd6 Nc4 15. Bxc4 Bxc4 16. a3 $1 {I have just recently noticed that
Goloshchapov played this even before me. Since during this part of the game
Wojt was stiing there like a cannonball radiating confidence I have produced
this after a 20 minutes of reflection time.} (16. b3 $2 Be2 17. Rd2 Bxf3 18.
Rf1 Bxg4 $1 19. Qg3 Rxa2 $19 {makes the difference between two type of lufts.})
16... e5 $6 {After some time Wojt decided for this plane move. However after
the game I have decided to delve into this position more and I have worked it
out till a draw. Later in Antalya I had some blitz games defending white side
against the talented Russian WGM Tatiana Shadrina where we together discovered
some more subtleties embedded in the position.} (16... Be2 $5 17. Rd2 Bxf3 18.
Rf1 Bxe4 19. Rfd1 Bd5 (19... Bf3 $5 {Ftacnik}) 20. Rxd5 exd5 21. Re1 Ne5 22.
Qxe5+ Kf8 23. Bd4 f6 24. Qe6 Rc8 25. Bb6) 17. Rd2 {White is about to set a
battery on the critical d line.} Be6 {According to principles of chess this
position favors the player with the white pieces.} 18. Rhd1 g5 $6 {An
ingenuous idea! Wojt is trying to put Rh8 into the game.} ({After normal moves
like} 18... Rc8 19. g5) (18... Qb8 19. Qc6 Qc8 20. Qxc8+ Rxc8 21. a4 $14 {
white is still on the top.}) 19. Qc6 $1 {Hitting on e5 keeps whites game
threatening.} Rc8 20. Qb5 Rg8 (20... Rb8 $2 21. Rxd7 $18) 21. Rd3 $1 {This
looks like a good support for my a pawn waiting to be rolled.} (21. a4 {Browne}
Qc7 22. a5 Ke7) 21... Rg6 {Wojt sidesteps immediate losses.} (21... Rb8 $2 22.
Rxd7 Bxd7 23. Qxe5+ $18) (21... Rg7 $2 22. Rxd7 Bxd7 23. Qxe5+ Kf8 24. Qd6+ $1
Ke8 25. Bc5 $18) 22. a4 $1 {Time to play your trump in the game!} (22. Kb1 Qc7
23. Rc3 Qxc3 24. bxc3 Rb8 25. Qb4 {Does not look that great to me.}) 22... Qc7
{Black does not have any moves with his rooks due to trivial tactical answers.}
(22... Rb8 $2 23. Rxd7 Bxd7 24. Qxe5+ Kf8 25. Qh8+ $18 (25. Rxd7 $18)) (22...
Rg7 $2 23. Rxd7 Bxd7 24. Qxe5+ Kf8 25. Qd6+ Ke8 26. Bc5 Rxc5 27. Qxc5 $18 {
Wojtkiewicz}) (22... Ra8 $2 23. Rxd7 Bxd7 24. Qxe5+ Qe7 (24... Kf8 25. Qh8+ Rg8
26. Bc5+ $18) 25. Qh8+ Qf8 26. Qxf8+ Kxf8 27. Rxd7 $18) 23. Rc3 $16 Bc4 $4 {
Wojt stumbles after to much calculation.} (23... Qb8 24. Rdd3 (24. Qxb8 Nxb8
25. Rxc8+ Bxc8 26. b4 Be6 27. b5 Bc4 28. Rd2 Nd7 29. Kb2 $18) (24. Rxc8+ Qxc8
25. Rd3 $6 Bc4 26. Rc3 Rc6) 24... Rxc3 25. Rxc3 Qxb5 26. axb5 Ke7 27. b6 Rg8
28. Rc7 Kf6 29. c4 Nb8 30. b7 Rd8 31. Bb6 $16) 24. Rxc4 $5 {I was in between a
toatally winning endgame or finishing him off with queens in.} (24. Rxd7 Qxd7
25. Rxc4 Qxb5 26. Rxc8+ Kd7 27. axb5 Kxc8 28. Kd2 $1 Rh6 29. Bg1 $1 $18 {
and the queenside roller coaster is ready to steam!}) 24... Qxc4 25. Qxd7+ Kf8
26. c3 Rgc6 (26... Ra8 27. a5 $18) 27. Bxg5 Qxa4 $2 {Loses at once.} (27... h6
28. Qe7+ Kg7 (28... Kg8 29. Bf6) 29. Qxe5+ Kg8 30. Be3 Qxa4 31. Bd4 $18) (27...
Kg7 28. Rd6 $1 $18) 28. Bh6+ $1 (28. Bh6+ $1 Kg8 (28... Rxh6 29. Qxa4) 29. Qd8+
{simply checkmates.}) 1-0